El cambio personal y organizacional a través de métodos grupales : la formación de laboratorio /

Guardat en:
Dades bibliogràfiques
Autor principal: Schein, Edgar H. (autor)
Altres autors: Bennis, Warren G. (autor) (autor)
Format: Llibre
Idioma:espanyol
Publicat: Barcelona, España : Herder, 1980, c1980
Col·lecció:(Biblioteca de Psicosociología ; 4)
Matèries:
Etiquetes: Afegir etiqueta
Sense etiquetes, Sigues el primer a etiquetar aquest registre!

MARC

LEADER 00000nam^a2200000^a^4500
001 000126628
005 20250521000000.0
009 20260310094733.446
020 |a 84-254-1132-7 
037 |a Acervo ITESO - Biblioteca 
041 |a ESP 
082 |a 658. 4063  |b SCH 
100 |a Schein, Edgar H.  |e (autor) 
245 1 3 |a El cambio personal y organizacional a través de métodos grupales :  |b la formación de laboratorio /  |c E.H. Schein, W.G. Bennis. 
264 4 |a Barcelona, España :  |b Herder,  |c 1980, c1980 
300 |a 482 p. 
336 |a texto  |b txt  |2 rdacontenido 
337 |a sin mediación  |b n  |2 rdamedio 
338 |a volumen  |b nc  |2 rdasoporte 
440 1 |a (Biblioteca de Psicosociología ;  |v 4) 
500 |a Traducción de: Personal and Organizational Change throught Group Methods 
649 |a XX 
650 |a Cambio Organizacional 
650 |a Planeación Administrativa 
650 |a Administración 
650 |a Psicología Laboral 
650 |a Ciencias Administrativas 
700 |a Bennis, Warren G.  |e (autor) 
910 |a Fondo General 
920 |a Impresos - Libros 
930 |a Colección General 
905 |a 101 
901 |a 0500012339  |b IT1  |c ACC  |u 20250521 
902 |a https://opac.biblio.iteso.mx/vufind/Record/000126628